header

The Arab spring (Record no. 44908)

MARC details
000 -LEADER
fixed length control field 01711nam a2200421 a 4500
082 04 - DEWEY DECIMAL CLASSIFICATION NUMBER
Classification number 909/.097492708312
245 04 - TITLE STATEMENT
Title The Arab spring
260 ## - PUBLICATION, DISTRIBUTION, ETC. (IMPRINT)
Place of publication Leiden ;
-- Boston :
Name of publisher M. Nijhoff Publishers,
Year of publication 2013.
300 ## - PHYSICAL DESCRIPTION
Number of Pages xi, 292 p.
490 1# - SERIES STATEMENT
Series statement Nijhoff law specials,
650 #0 - SUBJECT ADDED ENTRY--TOPICAL TERM
Topical Term Conflict of laws
Topical Term Arab Spring, 2010-
Topical Term International law.
Topical Term Democracy.
Topical Term Democratization
Topical Term Revolutions
700 1# - ADDED ENTRY--PERSONAL NAME
Personal name Panara, Carlo.
Personal name Wilson, Gary,
856 40 - ELECTRONIC LOCATION AND ACCESS
Uniform Resource Identifier http://site.ebrary.com/lib/rucke/Doc?id=10648933

No items available.

© 2026 Rongo University
Contact us: librarian | system librarian | Rongo university